00881cam a22002417a 4500001000500000005001700005008004100022020003000063040002500093050001500118082000800133100001900141245009500160260004200255300004500297490003400342505000600376520018800382521001800570521001800588650001100606700002200617132920230816161839.0100728s2011 nyua 000 0 eng  a9780061885198 (pbk. bdg.) aDLCcDLCbengdFISKH00aPZ7.S27588 aFic1 aSazaklis, John10aSupermanbEscape from the Phantom Zone /cby John Sazaklis ; pictures by Steven E. Gordon. aNew York, NY :bHarperCollins,c2011. a26 pages :bcolor illustrations ;c23 cm0 aI can read! Reading with help aF aWhen General Zod and his followers break free from the Phantom Zone and seek their revenge, it is up to Superman, Batman, and Wonder Woman to stop the criminals before it is too late. a340 bLexile aF bRaz-Plus 2Comics1 aGordon, Steven E.